00353nam a2200133Ia 4500008004100000082001900041100001600060245004000076250000600116260000900122300000800131630004000139730004000179100122s9999 xx 000 0 und d b75888aB823.08 aBLYTON ENID aTHE MYSTERY OF THE STRANGE MESSAGES a1 c2002 a247 aTHE MYSTERY OF THE STRANGE MESSAGES aTHE MYSTERY OF THE STRANGE MESSAGES